=LDR 00000nam 2200000 4500 =001 INLIS000000000045775 =005 20150210092611.0 =006 =007 =008 =020 ##$$a 978-979-29-31`85-3 =035 ##$$0010-021500000000335 =040 ##$$a NBPDMAT =082 ##$$a 620.009 2 =090 ##$$b Fel p =100 ##$$a Feldo Andreo Honggowidjojo =245 ##$$a Pemodelan dan Visualisasi Bangunan Menggunakan Autodesk Revit Architecture $c Feldo Andreo Honggowidjojo;Editor,FL.Sigit Suyandoro =260 ##$$a Yogyakarta $b Andi $c 2012 =300 ##$$a xii, 415 hlm. ; $c 22 cm. =650 ##$$a Teknik Dengan Autodesk =850 ##$$a NBPDMAT =990 ##$$a 0001/BPAP-NTB/20142015 =990 ##$$a 0001/BPAP-NTB/20142015 =990 ##$$a 0001/BPAP-NTB/20142015 =990 ##$$a 0001/BPAP-NTB/20142015 =990 ##$$a 0001/BPAP-NTB/20142015